| 000 | 00525nam a2200181 a 4500 | ||
|---|---|---|---|
| 005 | 20240227063611.0 | ||
| 008 | 030609s1947 mx r 000 0 spa d | ||
| 035 | _aUPN01000125251 | ||
| 049 | _aSEP | ||
| 050 | 4 |
_aAC70 _bB5 no.159 |
|
| 100 | 1 |
_aComas, Juan, _d1900-1979 _930643 |
|
| 245 | 1 | 0 |
_aOrigen y evolución del hombre / _cpor Juan Comas. |
| 260 |
_aMéxico : _bSEP, _c1947. |
||
| 300 | _a94 p. | ||
| 440 | 0 |
_aBiblioteca enciclopédica popular ; _v159. _p2a. época |
|
| 650 | 2 |
_aHombre _xOrígen _913500 |
|
| 905 | _aLibro | ||
| 999 |
_c97430 _d97430 |
||